000 00565nam a2200229Ia 4500
003 OSt
005 20220928144947.0
006 a|||||r|||| 00| 0
007 ta
008 220927b |||||||| |||| 00| 0 eng d
024 _a77453
037 _cTextual
040 _aSDCL
_cSDCL
_beng
041 _2eng
_aeng
082 _aR853, M7
100 _aDeleuze Gilles
_9444447
245 0 _aDialogues.
260 _c1987
700 _a Parnet Claire
_9510647
942 _hR853, M7
_cTEXL
_2CC
999 _c830783
_d830783